أبو تمام / (رقم التسجيلة. 101978)

تفاصيل مارك
000 -LEADER
fixed length control field 00693nam a22002057a 4500
005 - DATE AND TIME OF LATEST TRANSACTION
control field 20251108173344.0
008 - FIXED-LENGTH DATA ELEMENTS--GENERAL INFORMATION
fixed length control field 250721s1997 xx 000 0 ara d
082 14 - DEWEY DECIMAL CLASSIFICATION NUMBER
Classification number ط/928.11/تما
100 1# - MAIN ENTRY--PERSONAL NAME
Personal name فرهود، أحمد عبد الله
Relator term مراجع
245 10 - TITLE STATEMENT
Title أبو تمام /
264 1# - PRODUCTION, PUBLICATION, DISTRIBUTION, MANUFACTURE, AND COPYRIGHT NOTICE
Place of production, publication, distribution, manufacture حلب :
Name of producer, publisher, distributor, manufacturer دار القلم العربي،
Date of production, publication, distribution, manufacture, or copyright notice 1997.
300 ## - PHYSICAL DESCRIPTION
Extent 16ص.
490 0# - SERIES STATEMENT
Series statement تاريخ شعراء العربية : شعراء العصر العباسي الأول
Volume/sequential designation 5
650 17 - SUBJECT ADDED ENTRY--TOPICAL TERM
Topical term or geographic name as entry element التراجم
650 17 - SUBJECT ADDED ENTRY--TOPICAL TERM
Topical term or geographic name as entry element الشعراء العرب
650 17 - SUBJECT ADDED ENTRY--TOPICAL TERM
Topical term or geographic name as entry element العصر العباسي الأول
653 ## - INDEX TERM--UNCONTROLLED
Uncontrolled term (سنة 14-10) ناشئون صغار
942 ## - ADDED ENTRY ELEMENTS (KOHA)
Source of classification or shelving scheme Dewey Decimal Classification
Koha item type كتب
المقتنيات
حالة السحب حالة الفقدان مصدر التصنيف حالة التلف غير قابل للإعارة المكتبة الرئيسية المكتبة الحالية موقع الرف تاريخ التزويد الرقم المتسلسل Total Checkouts رقم الإستدعاء الباركود تاريخ آخر ظهور تاريخ الفاتورة نوع المادة (كوها)
    Dewey Decimal Classification     مكتبة البشائر للأطفال مكتبة البشائر للأطفال الإعارة 05/05/2015 526781   ط/928.11/تما PLD00322516 28/07/2025 05/05/2015 كتب
    Dewey Decimal Classification     مكتبة البشائر للأطفال مكتبة البشائر للأطفال الأطفال 10/09/2015 527908   ط/928.11/تما PLD00345786 28/07/2025 10/09/2015 كتب
    Dewey Decimal Classification     مكتبة قتيبة للأطفال مكتبة قتيبة للأطفال الأطفال 28/07/2025 1011072   ط/928.11/تما 1011072 28/07/2025 28/07/2025 كتب
    Dewey Decimal Classification     مكتبة أبو علندا العامة مكتبة أبو علندا العامة الأطفال 22/11/2015 1605912   ط/928.11/تما PLD00366063 28/07/2025 22/11/2015 كتب
    Dewey Decimal Classification     مكتبة أم المؤمنين للأطفال مكتبة أم المؤمنين للأطفال الأطفال 28/07/2025 627519   ط/928.11/تما 627519 28/07/2025 28/07/2025 كتب
    Dewey Decimal Classification     مكتبة أم المؤمنين للأطفال مكتبة أم المؤمنين للأطفال الأطفال 28/07/2025 1045552   ط/928.11/تما 1045552 28/07/2025 28/07/2025 كتب
    Dewey Decimal Classification     مكتبة الأميرة ايمان العامة مكتبة الأميرة ايمان العامة الأطفال 22/12/2013 627487   ط/928.11/تما PLD00291316 28/07/2025 22/12/2013 كتب
    Dewey Decimal Classification     مكتبة الأميرة سلمى مكتبة الأميرة سلمى الأطفال 28/07/2025 567124   ط/928.11/تما 567124 28/07/2025 28/07/2025 كتب
    Dewey Decimal Classification     مكتبة البيادر مكتبة البيادر الأطفال 28/07/2025 1011088   ط/928.11/تما 1011088 28/07/2025 28/07/2025 كتب
    Dewey Decimal Classification     مكتبة الياسمين للأطفال مكتبة الياسمين للأطفال الأطفال 26/03/2014 558533   ط/928.11/تما PLD00296860 28/07/2025 26/03/2014 كتب
    Dewey Decimal Classification     مكتبة حمزة العامة مكتبة حمزة العامة الأطفال 07/03/2018 1668128   ط/928.11/تما PLD00419291 28/07/2025 07/03/2018 كتب
    Dewey Decimal Classification     مكتبة عدن للأطفال مكتبة عدن للأطفال الأطفال 24/08/2014 1011119   ط/928.11/تما PLD00305281 28/07/2025 24/08/2014 كتب
    Dewey Decimal Classification     مكتبةمؤتة مكتبةمؤتة الأطفال 14/06/2014 627535   ط/928.11/تما PLD00328277 28/07/2025 14/06/2014 كتب
Implemented & Customized by: BBB with SCIT (Smart Chains for Information Technology)

Powered by Koha